000 00753nam a2200277 a 4500
999 _c3113
_d3113
006 a||||gr|||| 001 0
007 ta
008 250130s2015 ii a|||gr|||| 001 0 eng d
020 _a9788189729103
_cRs. 1300.00
040 _aKO
_beng
041 0 _aeng
044 _aii
082 0 4 _223
_a627.98
_bR1412
100 1 _aRamakrishnan, T. V.
245 1 0 _aMarine and Offshore Engineering /
_cT. V. Ramakrishnan
260 _aNew Delhi :
_bGene-Tech Books,
_c2015
300 _avii, 302 p. :
_bill. ;
_c22 cm.
500 _aIncludes index.
650 0 _aOffshore structures
_xDesign and construction
650 0 _aHydraulic engineering
650 0 _aOcean engineering
904 _aRUDRA_R
905 _aR_RANJAN
942 _cBK
_2ddc